000
00261nam a22001097a 4500
008
180801b xxu||||| |||| 00| 0 eng d
082
_a
813.52
245
_a
And the Case of the Missing Kelp Seedi
_c
Fish,F
260
_c
1996
300
_a
1
_f
CD
942
_2
ddc
_c
MX
999
_c
46697
_d
46697